MISSIONI CONSOLATA. RIVISTA DELLA FAMIGLIA. FEBBRAIO 1994. AFRICA SOUVENIR, VIAGGI DI CONOSCENZA. (Record n. 325469)

Dettagli MARC
000 -LEADER
fixed length control field 01817nas a2200277Ia 4500
001 - CONTROL NUMBER
control field R266-R6876
003 - CONTROL NUMBER IDENTIFIER
control field IT-CnALBA
008 - FIXED-LENGTH DATA ELEMENTS--GENERAL INFORMATION
fixed length control field 170116c99999999xx |||||||||||| ||und||
040 ## - CATALOGING SOURCE
Original cataloging agency IT-CnALBA
Transcribing agency IT-CnALBA
041 ## - LANGUAGE CODE
Language code of text/sound track or separate title ITALIANO
999 ## - SYSTEM CONTROL NUMBERS (KOHA)
Koha Dewey Subclass [OBSOLETE] NO
100 ## - MAIN ENTRY--PERSONAL NAME
Personal name BERNARDI FRANCESCO
210 ## - ABBREVIATED TITLE
Abbreviated title MISSIONI CONSOLATA
222 ## - KEY TITLE
Key title MISSIONI CONSOLATA
245 #0 - TITLE STATEMENT
Title MISSIONI CONSOLATA. RIVISTA DELLA FAMIGLIA. FEBBRAIO 1994. AFRICA SOUVENIR, VIAGGI DI CONOSCENZA.
250 ## - EDITION STATEMENT
Edition statement 1a ed.
260 ## - PUBLICATION, DISTRIBUTION, ETC. (IMPRINT)
Place of publication, distribution, etc. TORINO - ROMA
Name of publisher, distributor, etc. MISSIONI CONSOLATA
Date of publication, distribution, etc. 1994 [1° Ed.:1994 - Ed.Ling.Originale: 1994]
300 ## - PHYSICAL DESCRIPTION
Extent 68 p.
310 ## - CURRENT PUBLICATION FREQUENCY
Current publication frequency MENSILE
362 ## - DATES OF PUBLICATION AND/OR SEQUENTIAL DESIGNATION
Dates of publication and/or sequential designation Fascicolo: 2 / Anno: 96 (1994)
500 ## - GENERAL NOTE
General note VESCOVO PENGO, ISLAMIZZAZIONE IN TANZANIA. LOURDEL SIMEONE, PADRE DEI MARTIRI D'UGANDA. COLLOQUIO E LETTERA AI LETTORI. VOGLIA DI FRUTTA. CHIESA E MONDO. DOMENICA MISSIONARIA. QUALE EUROPA? INVITO DELL'AFRICA ALLA SOLIDARIETÀ, MICHELUZZI M. CINA TRA INQUIETUDINE E SPERANZE. TANZANIA, SUBBUGLIO NELLA PACE, SCACCIA L. KENYA, ACCUSE AI VESCOVI. VENEZUELA, SOGNATORI DEL DESERTO, FAUDARORE C. MAPERA, PADRE DEI MARTIRI. ETIOPIA E SUBITO AMORE. BRASILE, AMICI DEI POVERI.
501 ## - WITH NOTE
With note Società San Paolo EM - Piazza San Paolo, 14 - 12051 ALBA (CN) (non commercial uses only) ® Copyright 2017
520 ## - SUMMARY, ETC.
Summary, etc. VESCOVO PENGO, ISLAMIZZAZIONE IN TANZANIA. LOURDEL SIMEONE, PADRE DEI MARTIRI D'UGANDA. COLLOQUIO E LETTERA AI LETTORI. VOGLIA DI FRUTTA. CHIESA E MONDO. DOMENICA MISSIONARIA. QUALE EUROPA? INVITO DELL'AFRICA ALLA SOLIDARIETÀ, MICHELUZZI M. CINA TRA INQUIETUDINE E SPERANZE. TANZANIA, SUBBUGLIO NELLA PACE, SCACCIA L. KENYA, ACCUSE AI VESCOVI. VENEZUELA, SOGNATORI DEL DESERTO, FAUDARORE C. MAPERA, PADRE DEI MARTIRI. ETIOPIA E SUBITO AMORE. BRASILE, AMICI DEI POVERI.
650 ## - SUBJECT ADDED ENTRY--TOPICAL TERM
Topical term or geographic name as entry element MISSIONOLOGIA
942 ## - ADDED ENTRY ELEMENTS (KOHA)
Koha item type RIVISTA
957 ## -
-- 1
999 ## - SYSTEM CONTROL NUMBERS (KOHA)
-- 1
Dati di copia
Withdrawn status Lost status Damaged status Not for loan Home library Current library Date acquired Total Checkouts Full call number Date last seen Price effective from Koha item type Public note
    Buone Condizioni Not For Loan ALBA - Biblioteca ALBA - Biblioteca 16/01/2017   R266-R6876 16/01/2017 16/01/2017 RIVISTA (data import: 16 gennaio 2017) - By Epidotti, Vaglietti.
CREDITS: SOCIETA' SAN PAOLO Via A.Severo, 58 - ROMA (RM) & PERIODICI SAN PAOLO SRL Via Giotto, 36 MILANO & CISF Via Giotto, 36 MILANO & EDIZIONI SAN PAOLO SRL,  Piazza Soncino, 5 CINISELLO BALSAMO (MI) -- ITALY